<?xml version="1.0" encoding="UTF-8" ?>
<collection xmlns="http://www.loc.gov/MARC21/slim"><record><leader>00840nam a2200217 nc4500</leader><controlfield tag="001">21197</controlfield><controlfield tag="003">CH-000273-5</controlfield><controlfield tag="005">20161227133908.0</controlfield><datafield tag="035" ind1=" " ind2=" "><subfield code="a">(OCoLC)906877419</subfield></datafield><datafield tag="041" ind1=" " ind2=" "><subfield code="a">ger</subfield></datafield><datafield tag="110" ind1="2" ind2="0"><subfield code="a">Galerie Corray</subfield><subfield code="g">Basel</subfield></datafield><datafield tag="245" ind1="0" ind2="0"><subfield code="a">Eröffnungsausstellung</subfield><subfield code="b">Galerie Corray, Basel, Zürich, 1916/1917</subfield><subfield code="h">Ausstellungskatalog</subfield></datafield><datafield tag="260" ind1=" " ind2=" "><subfield code="a">Basel [et al.]</subfield><subfield code="b">Galerie Corray</subfield><subfield code="c">1916</subfield></datafield><datafield tag="300" ind1=" " ind2=" "><subfield code="a">[8] S.</subfield><subfield code="b">Ill.</subfield><subfield code="c">15,5 x 12,5 cm</subfield></datafield><datafield tag="510" ind1="4" ind2="0"><subfield code="a">Dada in Zürich, 1985</subfield><subfield code="c">S. 244, Nr. 104</subfield></datafield><datafield tag="600" ind1="1" ind2="4"><subfield code="a">Jawlensky, Alexej ¬von¬</subfield><subfield code="d">1867-1941</subfield></datafield><datafield tag="600" ind1="1" ind2="4"><subfield code="a">Werefkin, Marianne ¬von¬</subfield><subfield code="d">11.09.1860-06.02.1938</subfield></datafield><datafield tag="651" ind1="0" ind2="4"><subfield code="a">Zürich</subfield><subfield code="x">Kunsthaus Zürich</subfield><subfield code="x">Dadaismus</subfield><subfield code="x">Sammlung</subfield></datafield><datafield tag="651" ind1="0" ind2="4"><subfield code="a">Basel</subfield><subfield code="x">Galerie Corray</subfield><subfield code="g">Basel</subfield><subfield code="y">1916/1917</subfield><subfield code="v">Ausstellung</subfield></datafield><datafield tag="852" ind1="4" ind2="0"><subfield code="a">CH-000273-5</subfield><subfield code="c">DADA IV:16</subfield></datafield><datafield tag="856" ind1="4" ind2="1"><subfield code="u">https://digital.kunsthaus.ch/viewer/image/21197/1/</subfield><subfield code="y">Kunsthaus Zürich Sammlungen online</subfield></datafield></record></collection>